000 00561nam a2200241Ia 4500
005 20260306150152.0
008 008 260114s9999 xx 000 0 eng d
020 _a9781474472630
037 _aEbook
040 _aCRL
040 _beng
040 _cCRL
041 _2eng
041 _aeng
084 _qCRL
245 0 _aFrom Kant to Lévi-Strauss
260 _bEdinburgh University Press
260 _c2002
650 _aPhilosophy
856 _uhttps://www.degruyter.com/isbn/9781474472630
942 _cEBOOK
999 _c1694394
_d1694394